Graphis photo. (Record no. 19337)
[ view plain ]
| 000 -LEADER | |
|---|---|
| fixed length control field | 00396cas a2200157 a 4500 |
| 022 ## - INTERNATIONAL STANDARD SERIAL NUMBER | |
| ISSN | 1016-0507 |
| 040 ## - CATALOGING SOURCE | |
| Transcribing agency | NST |
| 082 #4 - DEWEY DECIMAL CLASSIFICATION NUMBER | |
| Classification number | 770 BOS 1997 C165 Or. |
| 245 00 - TITLE STATEMENT | |
| Title | Graphis photo. |
| 246 30 - VARYING FORM OF TITLE | |
| Title proper/short title | Photo |
| 260 ## - PUBLICATION, DISTRIBUTION, ETC. (IMPRINT) | |
| Place of publication | Zurich, Switzerland : |
| Name of publisher | Graphis Press Corp., |
| Year of publication | c1987-c1997. |
| 300 ## - PHYSICAL DESCRIPTION | |
| Number of Pages | 10 v. : |
| Other physical details | ill. ; |
| Dimensions | 31 cm. |
| 650 #0 - SUBJECT ADDED ENTRY--TOPICAL TERM | |
| Topical Term | Advertising photography |
| 650 #0 - SUBJECT ADDED ENTRY--TOPICAL TERM | |
| Topical Term | Photography |
| 942 ## - ADDED ENTRY ELEMENTS (KOHA) | |
| Koha item type | ADB |
| 952 ## - LOCATION AND ITEM INFORMATION (KOHA) | |
| Withdrawn status [LOCAL, KOHA] | 0 |
| Source of acquisition | Permanent Location | Date acquired | Koha item type | Lost status | Shelving location | Current Location | Full call number |
|---|---|---|---|---|---|---|---|
| A38281 | Library Block C | 2020-09-25 | សៀវភៅភាសាអង់គ្លេស | C165 | Library Block C | 770 BOS 1997 C165 Or. |